Money into property UK 2012 (Record no. 83970)
[ view plain ]
| 000 -LEADER | |
|---|---|
| fixed length control field | 01423cad a22002175a 4500 |
| 001 - CONTROL NUMBER | |
| control field | L156221 |
| 008 - FIXED-LENGTH DATA ELEMENTS--GENERAL INFORMATION | |
| fixed length control field | 120508s2012 xxk 000 0 eng d |
| 035 ## - SYSTEM CONTROL NUMBER | |
| System control number | (Sirsi) u156221 |
| 041 0# - LANGUAGE CODE | |
| Language code of text/sound track or separate title | eng |
| 110 2# - MAIN ENTRY--CORPORATE NAME | |
| Corporate name or jurisdiction name as entry element | DTZ |
| 245 00 - TITLE STATEMENT | |
| Title | Money into property UK 2012 |
| Remainder of title | filling the gap |
| Medium | [electronic resource] |
| 260 ## - PUBLICATION, DISTRIBUTION, ETC. | |
| Place of publication, distribution, etc. | London |
| Name of publisher, distributor, etc. | DTZ |
| Date of publication, distribution, etc. | 2012 |
| 490 #0 - SERIES STATEMENT | |
| Series statement | DTZ Money into Property UK |
| Volume/sequential designation | 2012 |
| 520 ## - SUMMARY, ETC. | |
| Summary, etc. | UK invested stock fell 1 % in 2011 to £537bn, driven by a 4% fall in debt, marking the UK out from most other major markets. The average UK loan to value ratio (LTV) was 61%, in line with the 60% global average. Investment volume fell back 10% in 2011 primarily due to a shortage of prime stock. Investor and lender sentiment in the UK and Europe is much less positive than in the other regions. In the base case UK invested stock is expected to grow at a moderate pace of 0.4% in 2012 and 3% in 2013 with UK investment volumes projected to register a 12% increase in 2012. |
| 520 ## - SUMMARY, ETC. | |
| Summary, etc. | Introduction - section 1: sizing of the market - section 2 : current sentiment - section 3 : our key views - appendix. |
| 590 ## - LOCAL NOTE (RLIN) | |
| Local note | KA |
| 651 #4 - SUBJECT ADDED ENTRY--GEOGRAPHIC NAME | |
| Geographic name | United Kingdom |
| 690 ## - LOCAL SUBJECT ADDED ENTRY--TOPICAL TERM (OCLC, RLIN) | |
| Topical term or geographic name as entry element | Commercial property |
| 9 (RLIN) | 6227 |
| 856 40 - ELECTRONIC LOCATION AND ACCESS | |
| Uniform Resource Identifier | <a href="https://www.dtz.com/Global/Research?vgnLocale=en_GB">https://www.dtz.com/Global/Research?vgnLocale=en_GB</a> |
| Public note | View the report after free registration (Click on select by reports series, tick the Money into property box only, click on search) at www.dtz.com |
| 942 ## - ADDED ENTRY ELEMENTS (KOHA) | |
| Suppress in OPAC | 0 |
| Withdrawn status | Lost status | Source of classification or shelving scheme | Damaged status | Not for loan | Home library | Current library | Shelving location | Date acquired | Total Checkouts | Full call number | Barcode | Date last seen | Copy number | Price effective from | Koha item type |
|---|---|---|---|---|---|---|---|---|---|---|---|---|---|---|---|
| Dewey Decimal Classification | Virtual | Virtual | Online | 08/05/2012 | ONLINE PUBLICATION | 156221-2001 | 06/08/2019 | 1 | 06/08/2019 | Book |